| 000 | 00437cam a2200145 4500500 | ||
|---|---|---|---|
| 005 | 20251228072920.0 | ||
| 041 | _afre | ||
| 042 | _adc | ||
| 100 | 1 | 0 |
_aOz-Salzberger, Fania _eauthor |
| 245 | 0 | 0 | _aQuelle paix pour le Proche-Orient ? |
| 260 | _c2005. | ||
| 500 | _a47 | ||
| 786 | 0 | _nCités | 24 | 4 | 2005-12-01 | p. 33-46 | 1299-5495 | |
| 856 | 4 | 1 | _uhttps://shs.cairn.info/revue-cites-2005-4-page-33?lang=fr&redirect-ssocas=7080 |
| 999 |
_c1594439 _d1594439 |
||